[Event "Fortaleza Schoonenborch 7th"]
[Site "Fortaleza"]
[Date "2020.02.09"]
[Round "6"]
[White "Correia, Aristoteles de Jesu"]
[Black "Lima, Antonio Stenio Patr"]
[Result "1/2-1/2"]
[WhiteElo "1708"]
[BlackElo "1751"]
[PlyCount "158"]
[EventDate "2020.02.06"]
[EventType "swiss"]
[EventRounds "6"]
[EventCountry "BRA"]
[SourceTitle "CBM 195 Extra"]
[Source "ChessBase"]
[SourceDate "2020.05.31"]
[SourceVersion "1"]
[SourceVersionDate "2020.05.31"]
[SourceQuality "1"]

1. c4 c5 2. g3 Nc6 3. Bg2 e5 4. d3 g6 5. Nf3 Bg7 6. 0-0 Nf6 7. Nc3 0-0 8. Bg5 h6 9. Bd2 d6 10. Qc1 Kh7 11. a3 a5 12. Nh4 Be6 13. f4 exf4 14. gxf4 Nd4 15. Qd1 Qd7 16. Nf3 Bh3 17. Ne4 Nxe4 18. dxe4 Nxf3+ 19. Rxf3 Bxg2 20. Kxg2 Bxb2 21. Rb1 Bxa3 22. Rxa3 f5 23. Qb3 Rf7 24. Qh3 Qe6 25. Rc1 Qxe4+ 26. Qf3 Re7 27. Qxe4 Rxe4 28. e3 b6 29. Rb3 Ra6 30. Rd3 Re6 31. Kf3 Kg7 32. Re1 Kf7 33. e4 fxe4+ 34. Rxe4 Rxe4 35. Kxe4 Ke6 36. Rg3 Kf7 37. Kd5 Ke7 38. Bc1 b5 39. cxb5 Rb6 40. Rxg6 Rxb5 41. Rg7+ Kf6 42. Ra7 Rb3 43. Rxa5 Rd3+ 44. Ke4 Rd1 45. Ra6 Ke7 46. Ra7+ Kf6 47. Bb2+ Kg6 48. Rg7+ Kh5 49. Rg2 d5+ 50. Kf5 d4 51. Rg3 Kh4 52. Ba3 Ra1 53. Rd3 Ra2 54. h3 Kh5 55. Bc1 Ra5 56. Ke6 Ra2 57. f5 Re2+ 58. Kf6 Re4 59. Bb2 Re2 60. Ba3 Rc2 61. Kf7 Kg5 62. f6 Kf4 63. Kg7 Ke4 64. Rg3 d3 65. f7 Rf2 66. f8Q Rxf8 67. Kxf8 d2 68. Rg1 c4 69. Bb4 Kd3 70. Rg3+ Kc2 71. Rc3+ Kb2 72. Rd3 cxd3 73. Bxd2 h5 74. Kg7 Kc2 75. Be3 h4 76. Kg6 d2 77. Bxd2 Kxd2 78. Kh5 Ke3 79. Kg4 Ke4 1/2-1/2

[Event "Fortaleza Cearense zt"]
[Site "Fortaleza"]
[Date "2019.09.27"]
[Round "2"]
[White "Lima, Antonio Stenio Patr"]
[Black "Parente, Renan Braz"]
[Result "0-1"]
[WhiteElo "1762"]
[BlackElo "2215"]
[PlyCount "60"]
[EventDate "2019.09.26"]
[EventType "swiss"]
[EventRounds "6"]
[EventCountry "BRA"]
[SourceTitle "EXT 2020"]
[Source "ChessBase"]
[SourceDate "2019.10.17"]
[SourceVersion "1"]
[SourceVersionDate "2019.10.17"]
[SourceQuality "1"]

1. e4 e6 2. d4 d5 3. Nc3 Nf6 4. e5 Nfd7 5. f4 c5 6. Nf3 Nc6 7. Be3 a6 8. Qd2 b5 9. dxc5 Bxc5 10. 0-0-0 Qb6 11. Bxc5 Nxc5 12. Nd4 b4 13. Nce2 Ne4 14. Qe3 0-0 15. Ng3 f5 16. Nh5 Bd7 17. Nxg7 Nxd4 18. Rxd4 Qa5 19. Nh5 Be8 20. Rxe4 fxe4 21. Qg3+ Bg6 22. Kb1 Rac8 23. Nf6+ Kh8 24. Be2 e3 25. Bd3 Bxd3 26. cxd3 Qc5 27. Qe1 Qc2+ 28. Ka1 Qd2 29. Qb1 Rc2 30. d4 Rfc8 0-1

[Event "Fortaleza Cearense zt"]
[Site "Fortaleza"]
[Date "2019.09.26"]
[Round "1"]
[White "Lima, Antonio Stenio Patr"]
[Black "Costa, Francisco Sergio Vi"]
[Result "1-0"]
[WhiteElo "1762"]
[BlackElo "1454"]
[PlyCount "117"]
[EventDate "2019.09.26"]
[EventType "swiss"]
[EventRounds "6"]
[EventCountry "BRA"]
[SourceTitle "EXT 2020"]
[Source "ChessBase"]
[SourceDate "2019.10.17"]
[SourceVersion "1"]
[SourceVersionDate "2019.10.17"]
[SourceQuality "1"]

1. e4 c5 2. Nf3 Nc6 3. d4 cxd4 4. Nxd4 g6 5. Be3 Nf6 6. Nc3 Bg7 7. Bc4 d6 8. f3 Bd7 9. Bb3 Rc8 10. Qd2 0-0 11. 0-0-0 Ne5 12. g4 Qa5 13. Kb1 Rxc3 14. Qxc3 Qxc3 15. bxc3 Rc8 16. c4 a6 17. h4 h5 18. gxh5 Nxh5 19. Rhg1 b5 20. cxb5 axb5 21. f4 Nc4 22. Bc1 Kh7 23. f5 Bf6 24. Bg5 Bxg5 25. Rxg5 Nf6 26. fxg6+ fxg6 27. Rdg1 Ne5 28. Re1 b4 29. Rg3 Nc4 30. Kc1 Ne5 31. Be6 Bxe6 32. Nxe6 Nfg4 33. Ng5+ Kh6 34. Rb3 Kh5 35. Nf3 Rc4 36. Nxe5 Nxe5 37. Kb2 Nc6 38. Rh3 Nd4 39. c3 Nb5 40. cxb4 Rxb4+ 41. Rb3 Rxb3+ 42. Kxb3 Nd4+ 43. Kc4 Nf3 44. Rh1 Nd2+ 45. Kd5 e6+ 46. Kxd6 Nxe4+ 47. Kxe6 Nc3 48. a3 Na4 49. Kf6 Nc3 50. Rh3 Nd5+ 51. Kf7 g5 52. hxg5+ Kxg5 53. Rb3 Kf5 54. a4 Ke5 55. a5 Kd6 56. a6 Kc6 57. a7 Nc7 58. Rc3+ Kb7 59. Rxc7+ 1-0

[Event "Fortaleza Gadelha Memorial"]
[Site "Fortaleza"]
[Date "2019.08.15"]
[Round "1"]
[White "Pereira, Silvio Cunha"]
[Black "Lima, Antonio Stenio Patr"]
[Result "1-0"]
[WhiteElo "2214"]
[BlackElo "1760"]
[PlyCount "81"]
[EventDate "2019.08.15"]
[EventType "swiss"]
[EventRounds "7"]
[EventCountry "BRA"]
[SourceTitle "CBM 191 Extra"]
[Source "ChessBase"]
[SourceDate "2019.09.30"]
[SourceVersion "1"]
[SourceVersionDate "2019.09.30"]
[SourceQuality "1"]

1. e4 c5 2. Nf3 d6 3. d4 cxd4 4. Qxd4 Nc6 5. Bb5 Bd7 6. Bxc6 Bxc6 7. c4 Nf6 8. Nc3 g6 9. 0-0 Bg7 10. Re1 0-0 11. Qd3 Nd7 12. Bg5 Ne5 13. Nxe5 Bxe5 14. f4 Bg7 15. Nd5 Re8 16. Re2 Qd7 17. Rae1 Bxd5 18. exd5 e5 19. dxe6 Rxe6 20. Rxe6 fxe6 21. b3 Re8 22. Rd1 Bf8 23. Bh4 Kf7 24. Bf2 b6 25. a4 Rd8 26. a5 bxa5 27. Ra1 Qc7 28. Bd4 d5 29. Qh3 h5 30. Re1 Qd7 31. c5 Re8 32. g4 e5 33. fxe5 Qxg4+ 34. Qxg4 hxg4 35. Rf1+ Kg7 36. Ra1 Rb8 37. Rxa5 Rxb3 38. Rxa7+ Kh6 39. c6 Rb1+ 40. Kg2 Rc1 41. Be3+ 1-0

[Event "Fortaleza Schoonenborch U1900 6th"]
[Site "Fortaleza"]
[Date "2019.03.09"]
[Round "3.9"]
[White "Lima, Antonio Stenio Patr"]
[Black "Brandao, Joao Marcus Da Cost"]
[Result "1-0"]
[WhiteElo "1795"]
[BlackElo "1500"]
[PlyCount "111"]
[EventDate "2019.03.07"]
[EventType "swiss"]
[EventRounds "6"]
[EventCountry "BRA"]
[SourceTitle "EXT 2022"]
[Source "ChessBase"]
[SourceDate "2021.10.06"]
[SourceVersion "1"]
[SourceVersionDate "2021.10.06"]
[SourceQuality "1"]

1. e4 d5 2. exd5 Qxd5 3. Nc3 Qd6 4. Nf3 c6 5. d4 Nf6 6. h3 Bf5 7. Bc4 e6 8. Bb3 Nbd7 9. Bg5 Qc7 10. Qe2 0-0-0 11. a3 Bd6 12. 0-0-0 h6 13. Bxf6 Nxf6 14. Ne5 Nd5 15. Nxd5 cxd5 16. Nd3 Rhe8 17. Kb1 e5 18. dxe5 Bxe5 19. Nxe5 Rxe5 20. Qd2 d4 21. Qf4 Qc5 22. Rhe1 d3 23. cxd3 Bxd3+ 24. Ka2 Rf5 25. Qe3 Qxe3 26. Rxe3 Bb5 27. Rxd8+ Kxd8 28. f3 Bf1 29. g4 Rf4 30. h4 Bg2 31. Bd5 h5 32. gxh5 Rxh4 33. Bxf7 Rh3 34. Re8+ Kd7 35. Rg8 Bxf3 36. Rxg7 Ke7 37. Bg6+ Kf6 38. Rf7+ Kg5 39. Rc7 Rh4 40. Rc5+ Kh6 41. Kb3 Bd1+ 42. Kc3 b6 43. Rc6 Bxh5 44. Bxh5+ Kxh5 45. Rc7 Ra4 46. Kb3 Ra5 47. Rg7 a6 48. Kc3 Rc5+ 49. Kd4 Rc2 50. b4 Ra2 51. Rg3 Kh6 52. Rc3 Kg5 53. Kd5 Rf2 54. Kc6 Rf6+ 55. Kb7 a5 56. b5 1-0

[Event "Fortaleza Schoonenborch U1900 6th"]
[Site "Fortaleza"]
[Date "2019.03.09"]
[Round "4.5"]
[White "Silva, Caio Marques"]
[Black "Lima, Antonio Stenio Patr"]
[Result "1-0"]
[WhiteElo "1678"]
[BlackElo "1795"]
[PlyCount "52"]
[EventDate "2019.03.07"]
[EventType "swiss"]
[EventRounds "6"]
[EventCountry "BRA"]
[SourceTitle "EXT 2022"]
[Source "ChessBase"]
[SourceDate "2021.10.06"]
[SourceVersion "1"]
[SourceVersionDate "2021.10.06"]
[SourceQuality "1"]

1. c4 Nf6 2. g3 e6 3. Bg2 d5 4. b3 Be7 5. Bb2 0-0 6. cxd5 exd5 7. Nf3 c6 8. 0-0 Nbd7 9. Nc3 a5 10. d4 Qc7 11. Rc1 Ne4 12. Nxd5 Qd6 13. Nxe7+ Qxe7 14. Ne5 Nef6 15. Nc4 Re8 16. e3 a4 17. Ba3 Qe6 18. bxa4 b5 19. axb5 Rxa3 20. Nxa3 cxb5 21. Qb3 Qa6 22. Nxb5 Qb6 23. Nc7 Rd8 24. Qxb6 Nxb6 25. Rfe1 Be6 26. Nxe6 fxe6 1-0

[Event "Fortaleza Cearense-ch"]
[Site "Fortaleza"]
[Date "2018.11.21"]
[Round "2"]
[White "Lima, Antonio Stenio Patr"]
[Black "Parente, Renan Braz"]
[Result "0-1"]
[WhiteElo "1849"]
[BlackElo "2173"]
[PlyCount "84"]
[EventDate "2018.11.20"]
[EventType "tourn"]
[EventRounds "9"]
[EventCountry "BRA"]
[SourceTitle "CBM 187 Extra"]
[Source "ChessBase"]
[SourceDate "2018.11.04"]
[SourceVersion "1"]
[SourceVersionDate "2018.11.04"]
[SourceQuality "1"]

1. e4 e6 2. d4 d5 3. Nc3 Nf6 4. e5 Nfd7 5. f4 c5 6. Nf3 Nc6 7. Be3 a6 8. Qd2 b5 9. dxc5 Bxc5 10. 0-0-0 b4 11. Na4 Bxe3 12. Qxe3 Qa5 13. b3 Bb7 14. Kb1 0-0 15. Bd3 Rfc8 16. Bxh7+ Kxh7 17. Ng5+ Kg8 18. Qh3 Nf8 19. f5 Nxe5 20. fxe6 Qc7 21. Rd2 f6 22. Nf7 Nxf7 23. exf7+ Kxf7 24. Rf1 Qe5 25. Nb6 Rc3 26. Qg4 Qe3 27. Rd4 Ne6 28. Rxb4 a5 29. Nc4 Rxc4 30. Rxb7+ Rc7 31. Qh5+ Kg8 32. Qxd5 Qe5 33. Qxe5 fxe5 34. Rb5 Rc5 35. Rb7 Re8 36. Rff7 e4 37. Rfe7 Rxe7 38. Rxe7 Re5 39. Kc1 e3 40. Kd1 e2+ 41. Ke1 Kf8 42. Rd7 Nf4 0-1

[Event "Fortaleza Capivarol op"]
[Site "Fortaleza"]
[Date "2018.11.02"]
[Round "2"]
[White "Palacio, Igor Da Paz"]
[Black "Lima, Antonio Stenio Patr"]
[Result "1-0"]
[WhiteElo "2093"]
[BlackElo "1849"]
[PlyCount "61"]
[EventDate "2018.11.02"]
[EventType "swiss"]
[EventRounds "6"]
[EventCountry "BRA"]
[SourceTitle "CBM 187 Extra"]
[Source "ChessBase"]
[SourceDate "2018.11.04"]
[SourceVersion "1"]
[SourceVersionDate "2018.11.04"]
[SourceQuality "1"]

1. e4 c5 2. Nc3 Nc6 3. g3 g6 4. Bg2 Bg7 5. d3 Nf6 6. f4 d6 7. Nf3 a6 8. 0-0 0-0 9. Rb1 Rb8 10. h3 e6 11. g4 b5 12. a3 b4 13. axb4 cxb4 14. Na4 Bd7 15. b3 Qc7 16. Bb2 d5 17. e5 Ne8 18. Nc5 f6 19. d4 Qa7 20. Qe2 fxe5 21. fxe5 a5 22. Rf2 Ne7 23. Ng5 Bb5 24. Rxf8+ Bxf8 25. Qf2 Ng7 26. Qf7+ Kh8 27. Ncxe6 Nc6 28. Nxf8 Qxf7 29. Nxf7+ Kg8 30. Nd7 Kxf7 31. Bxd5+ 1-0

[Event "Fortaleza Schoonenborch U1900 5th"]
[Site "Fortaleza"]
[Date "2018.01.28"]
[Round "5.10"]
[White "Donato, Murillo Vernillo"]
[Black "Lima, Antonio Stenio Patr"]
[Result "0-1"]
[WhiteElo "1420"]
[BlackElo "1827"]
[PlyCount "80"]
[EventDate "2018.01.26"]
[EventType "swiss"]
[EventRounds "6"]
[EventCountry "BRA"]
[SourceTitle "EXT 2022"]
[Source "ChessBase"]
[SourceDate "2021.10.06"]
[SourceVersion "1"]
[SourceVersionDate "2021.10.06"]
[SourceQuality "1"]

1. e4 c5 2. Nf3 d6 3. d4 cxd4 4. Nxd4 Nf6 5. Nc3 a6 6. Be2 e6 7. 0-0 Be7 8. Be3 b5 9. a3 Bb7 10. Bf3 Qc7 11. Qe2 Nbd7 12. Rfd1 0-0 13. Rd2 Nc5 14. Bg5 Rac8 15. Rad1 d5 16. exd5 Nxd5 17. Nxd5 Bxd5 18. Be3 Ne4 19. Bxe4 Bxe4 20. c3 Bd6 21. f4 Bxf4 22. Bxf4 Qxf4 23. Rf1 Qg5 24. Rf2 Bd5 25. Nf3 Qh5 26. Nd4 Qg6 27. Qe5 Rfd8 28. Qf4 f6 29. Rde2 e5 30. Qf5 exd4 31. Qxg6 hxg6 32. Rc2 d3 33. Rcd2 Bc4 34. Rf4 Re8 35. Rf1 Re2 36. Rfd1 Rce8 37. Kf1 Rxd2 38. Rxd2 Re2 39. Rxe2 d2 40. Kf2 d1Q 0-1

[Event "Fortaleza Schoonenborch U1900 5th"]
[Site "Fortaleza"]
[Date "2018.01.25"]
[Round "1.1"]
[White "Cavalcante, Samuel Araujo"]
[Black "Lima, Antonio Stenio Patr"]
[Result "0-1"]
[WhiteElo "1588"]
[BlackElo "1827"]
[PlyCount "56"]
[EventDate "2018.01.26"]
[EventType "swiss"]
[EventRounds "6"]
[EventCountry "BRA"]
[SourceTitle "EXT 2022"]
[Source "ChessBase"]
[SourceDate "2021.10.06"]
[SourceVersion "1"]
[SourceVersionDate "2021.10.06"]
[SourceQuality "1"]

1. e4 c5 2. Nf3 d6 3. d4 cxd4 4. Nxd4 Nf6 5. Nc3 a6 6. Be3 e6 7. Qd2 Be7 8. h3 b5 9. a3 Bb7 10. Bd3 Nbd7 11. g4 Nc5 12. f3 Qc7 13. 0-0-0 d5 14. exd5 Nxd5 15. Nxd5 Bxd5 16. Qc3 Rc8 17. Kb1 Bf6 18. g5 Bxf3 19. gxf6 Bxd1 20. Rxd1 gxf6 21. Ne2 Nxd3 22. Qxc7 Rxc7 23. Rxd3 Ke7 24. Bb6 Rc6 25. Ba5 e5 26. Nc3 f5 27. Nd5+ Ke6 28. Nb4 Rd6 0-1

[Event "Fortaleza Schoonenborch U2000"]
[Site "Fortaleza"]
[Date "2016.02.12"]
[Round "2"]
[White "Lima, Antonio Stenio Patr"]
[Black "Correia, Aristoteles de Jesu"]
[Result "1-0"]
[WhiteElo "1800"]
[BlackElo "1692"]
[PlyCount "77"]
[EventDate "2016.02.11"]
[EventType "swiss"]
[EventRounds "6"]
[EventCountry "BRA"]
[SourceTitle "CBM 170 Extra"]
[Source "ChessBase"]
[SourceDate "2016.02.25"]
[SourceVersion "1"]
[SourceVersionDate "2016.02.25"]
[SourceQuality "1"]

1. e4 c5 2. Nf3 d6 3. d4 cxd4 4. Nxd4 a6 5. Bc4 Nf6 6. Nc3 e6 7. Bb3 b5 8. f3 Bb7 9. Be3 Nbd7 10. Qd2 Ne5 11. 0-0-0 Be7 12. Bxe6 Nc4 13. Bxc4 bxc4 14. Nf5 0-0 15. Nxe7+ Qxe7 16. Qxd6 Rfe8 17. Qxe7 Rxe7 18. Bg5 Re6 19. Bxf6 Rxf6 20. Rd7 Bc6 21. Rd4 Bb5 22. Rhd1 Re6 23. a4 Be8 24. Rxc4 Re5 25. Rcd4 f6 26. Rd8 Ra7 27. Rb8 Kf7 28. Rdd8 Bc6 29. Kd2 Kg6 30. Ke3 Ra5 31. b4 Re5 32. g4 Ree7 33. b5 axb5 34. axb5 Bd7 35. Ra8 Rb7 36. Rdb8 Rxb8 37. Rxb8 f5 38. Nd5 Re5 39. Kf4 1-0

[Event "Fortaleza Cearense Cup"]
[Site "Fortaleza"]
[Date "2015.12.12"]
[Round "3"]
[White "Freire, Andrey Carvalho"]
[Black "Lima, Antonio Stenio Patr"]
[Result "0-1"]
[WhiteElo "2052"]
[BlackElo "1793"]
[PlyCount "86"]
[EventDate "2015.12.10"]
[EventType "swiss"]
[EventRounds "6"]
[EventCountry "BRA"]
[SourceTitle "EXT 2017"]
[Source "ChessBase"]
[SourceDate "2016.10.25"]
[SourceVersion "1"]
[SourceVersionDate "2016.10.25"]
[SourceQuality "1"]

1. d4 Nf6 2. c4 e6 3. g3 d5 4. Bg2 Nbd7 5. Nf3 Be7 6. 0-0 0-0 7. Nc3 Rb8 8. Bf4 Nh5 9. cxd5 Nxf4 10. gxf4 exd5 11. Nxd5 Bd6 12. e3 c6 13. Nc3 Nf6 14. Ne5 Ne8 15. Kh1 Qh4 16. Qf3 f6 17. Nc4 Bc7 18. Qg3 Qh6 19. Rg1 Kh8 20. d5 b5 21. Nd2 c5 22. Nde4 g5 23. fxg5 fxg5 24. d6 Nxd6 25. Qe5+ Qg7 26. Qxg7+ Kxg7 27. Nd5 Nxe4 28. Bxe4 Bd8 29. f4 Bb7 30. Nc3 b4 31. Bxb7 bxc3 32. Bd5 cxb2 33. Rab1 h6 34. h4 Bf6 35. Rg2 Rfd8 36. Bb3 Rd3 37. hxg5 hxg5 38. e4 Rh3+ 39. Kg1 Bd4+ 40. Kf1 Rh1+ 41. Ke2 Rxb1 42. Rxg5+ Kh6 43. Bc2 Rc1 0-1

[Event "Fortaleza Cearense Cup"]
[Site "Fortaleza"]
[Date "2015.12.12"]
[Round "4"]
[White "Lima, Antonio Stenio Patr"]
[Black "Lima Neto, Pedro"]
[Result "0-1"]
[WhiteElo "1793"]
[BlackElo "2096"]
[PlyCount "82"]
[EventDate "2015.12.10"]
[EventType "swiss"]
[EventRounds "6"]
[EventCountry "BRA"]
[SourceTitle "EXT 2017"]
[Source "ChessBase"]
[SourceDate "2016.10.25"]
[SourceVersion "1"]
[SourceVersionDate "2016.10.25"]
[SourceQuality "1"]

1. e4 c5 2. Nf3 e6 3. Nc3 a6 4. Be2 Nc6 5. 0-0 Qc7 6. d4 cxd4 7. Nxd4 Nf6 8. a3 Be7 9. Bg5 0-0 10. Bh4 b5 11. Bg3 Qb6 12. Nxc6 dxc6 13. e5 Nd7 14. Kh1 Rd8 15. Qe1 Bb7 16. f4 c5 17. Bf3 Bxf3 18. Rxf3 Qc6 19. Qe4 Qxe4 20. Nxe4 Nb6 21. Bf2 Nc4 22. Bxc5 Bxc5 23. Nxc5 Nxb2 24. Nd3 Nxd3 25. Rxd3 Rxd3 26. cxd3 Rc8 27. Kg1 Rc3 28. Kf2 Rxd3 29. Ke2 Rb3 30. Rd1 Kf8 31. Rd3 Rxd3 32. Kxd3 Ke7 33. Kd4 Kd7 34. Kc5 Kc7 35. g4 f6 36. f5 exf5 37. gxf5 fxe5 38. Kd5 e4 39. Kxe4 Kd6 40. h4 a5 41. h5 h6 0-1

[Event "BRA-ch sf-B"]
[Site "Fortaleza"]
[Date "2012.11.04"]
[Round "7"]
[White "Lima, Antonio Stenio Patr"]
[Black "Nogueira, Jorge da Silva"]
[Result "1/2-1/2"]
[WhiteElo "1811"]
[BlackElo "1549"]
[PlyCount "136"]
[EventDate "2012.11.01"]
[EventType "swiss"]
[EventRounds "8"]
[EventCountry "BRA"]
[SourceTitle "EXT 2013"]
[Source "ChessBase"]
[SourceDate "2012.11.22"]
[SourceVersion "1"]
[SourceVersionDate "2012.11.22"]
[SourceQuality "1"]

1. e4 e6 2. d4 d5 3. Nd2 h6 4. Bd3 c5 5. c3 Nc6 6. Ne2 Qb6 7. Nf3 dxe4 8. Bxe4 Nf6 9. Bd3 Bd6 10. 0-0 0-0 11. Nd2 Qc7 12. f4 cxd4 13. cxd4 Nd5 14. Ne4 Be7 15. a3 Qb6 16. Kh1 Bd7 17. Nc5 Bxc5 18. dxc5 Qxc5 19. Bc2 f5 20. Rf3 Rad8 21. b4 Qb6 22. Qd3 Nf6 23. Qb3 Ng4 24. h3 Nf6 25. Bxf5 Ne7 26. Be3 Qa6 27. Bd3 Bb5 28. Bxb5 Qxb5 29. Nd4 Qd5 30. Qa4 a6 31. Raf1 Ne4 32. Qb3 Rd6 33. Rc1 Nf5 34. Qxd5 exd5 35. Nxf5 Rxf5 36. Bd4 Rd7 37. g4 Rf8 38. Rc2 Re8 39. Kg2 Nd6 40. Kf2 Nb5 41. Bc5 Rc8 42. Rd2 Nc7 43. f5 Ne8 44. Rfd3 Nf6 45. Rd4 Rc6 46. Rf4 b6 47. Be3 Rcd6 48. Kf3 Ne4 49. Rd4 Ng5+ 50. Kg3 Re7 51. Rd3 Kf7 52. a4 Ne4+ 53. Kf3 Ng5+ 54. Kg2 Rc7 55. Rfd4 Rc2+ 56. Rd2 Rxd2+ 57. Bxd2 Ne4 58. Bf4 Rd7 59. Kf3 Ng5+ 60. Bxg5 hxg5 61. Kg3 Kf6 62. h4 gxh4+ 63. Kxh4 Ke5 64. Rd1 d4 65. Kg5 Ke4 66. Kg6 Ke3 67. g5 d3 68. f6 gxf6 1/2-1/2

[Event "BRA-ch sf-B"]
[Site "Fortaleza"]
[Date "2012.11.01"]
[Round "1"]
[White "Lima, Antonio Stenio Patr"]
[Black "Souza Neves, Andrey Marcelo"]
[Result "0-1"]
[WhiteElo "1811"]
[BlackElo "2152"]
[PlyCount "50"]
[EventDate "2012.11.01"]
[EventType "swiss"]
[EventRounds "8"]
[EventCountry "BRA"]
[SourceTitle "EXT 2013"]
[Source "ChessBase"]
[SourceDate "2012.11.22"]
[SourceVersion "1"]
[SourceVersionDate "2012.11.22"]
[SourceQuality "1"]

1. e4 c5 2. Nf3 Nc6 3. d4 cxd4 4. Nxd4 Nf6 5. Nc3 d6 6. Bc4 Qb6 7. Nb3 e6 8. Be3 Qc7 9. f3 a6 10. Nd4 Ne5 11. Bb3 Nc4 12. Qe2 b5 13. 0-0-0 Bd7 14. g4 Nxe3 15. Qxe3 0-0-0 16. Kb1 Kb8 17. Rc1 Qc5 18. Qd3 g6 19. Nd1 Bh6 20. Ne3 e5 21. Ndf5 gxf5 22. Nxf5 Bxf5 23. gxf5 Bxc1 24. Rxc1 d5 25. Qe2 Rhe8 0-1

[Event "Fortaleza Borges Memorial"]
[Site "Fortaleza"]
[Date "2012.06.28"]
[Round "6"]
[White "Silva, Antonio Helder Da"]
[Black "Lima, Antonio Stenio Patr"]
[Result "0-1"]
[WhiteElo "2052"]
[BlackElo "1798"]
[PlyCount "54"]
[EventDate "2012.06.14"]
[EventType "swiss"]
[EventRounds "7"]
[EventCountry "BRA"]
[SourceTitle "CBM 149 Extra"]
[Source "ChessBase"]
[SourceDate "2012.08.24"]
[SourceVersion "1"]
[SourceVersionDate "2012.08.24"]
[SourceQuality "1"]

1. e4 c5 2. Nf3 d6 3. d4 cxd4 4. Nxd4 Nf6 5. Nc3 a6 6. Bc4 e6 7. Bb3 Be7 8. Be3 b5 9. f3 Qc7 10. Qd2 Nc6 11. 0-0-0 Na5 12. Kb1 Nxb3 13. axb3 b4 14. Na4 d5 15. e5 Nd7 16. f4 Rb8 17. Qf2 0-0 18. g4 Bb7 19. h4 Bc6 20. Nxc6 Qxc6 21. g5 Rfc8 22. h5 Nc5 23. Nxc5 Bxc5 24. g6 Bxe3 25. gxf7+ Kxf7 26. Qxe3 Qxc2+ 27. Ka2 Rc5 0-1